header

A Muslim American slave (Record no. 122827)

MARC details
000 -LEADER
fixed length control field 01767nam a2200409 a 4500
082 04 - DEWEY DECIMAL CLASSIFICATION NUMBER
Classification number 306.3/62092
-- B
100 1# - MAIN ENTRY--AUTHOR NAME
Personal name Said, Omar ibn,
245 12 - TITLE STATEMENT
Title A Muslim American slave
260 ## - PUBLICATION, DISTRIBUTION, ETC. (IMPRINT)
Place of publication Madison, Wis. :
Name of publisher University of Wisconsin Press,
Year of publication c2011.
300 ## - PHYSICAL DESCRIPTION
Number of Pages xii, 222 p. :
Other physical details ill, facsim., maps, port.
650 #0 - SUBJECT ADDED ENTRY--TOPICAL TERM
Topical Term Slave narratives
Topical Term Slaves' writings, American.
Topical Term Slaves
Topical Term African American Muslims
Topical Term Slavery
700 1# - ADDED ENTRY--PERSONAL NAME
Personal name Alryyes, Ala A.,
856 40 - ELECTRONIC LOCATION AND ACCESS
Uniform Resource Identifier http://site.ebrary.com/lib/rucke/Doc?id=10483617

No items available.

© 2026 Rongo University
Contact us: librarian | system librarian | Rongo university